Teoretické prístupy a poznatky k optimálnemu systému zdaňovania na Slovensku diplomová práca

Enregistré dans:
Détails bibliographiques
Auteur principal: Sabolová, Denisa
Collectivité auteur: Národohospodárska fakulta EU. Katedra financií
Autres auteurs: Šabíková, Ingrid
Format: Livre
Langue:slovaque
Publié: Bratislava 2013
Tags: Ajouter un tag
Pas de tags, Soyez le premier à ajouter un tag!

MARC

LEADER 00000nbm a2200000 4500
001 0170577
005 20161109102355.4
041 0 |a slo 
044 |a SK 
245 1 0 |a Teoretické prístupy a poznatky k optimálnemu systému zdaňovania na Slovensku  |b diplomová práca  |c Denisa Sabolová ; školiteľ: Ingrid Šabíková 
264 1 |a Bratislava  |c 2013 
300 |a 70 s. 
100 1 |a Sabolová, Denisa 
700 1 |a Šabíková, Ingrid 
710 2 |a Národohospodárska fakulta EU. Katedra financií